ბათუმის შოთა რუსთაველის სახელმწიფო უნივერსიტეტის ბიბლიოთეკა

პერცეფციული ფონეტიკის ძირითადი საკითხები = Основные вопросы перцептивной фонетики : (ბიბ.ჩანაწერი № 52903)

000 -ლიდერი
ფიქსირებული სიგრძის საკონტროლო ველი 01909nam a2200289Ia 4500
001 - საკონტროლო ნომერი
საკონტროლო ველი 19933
003 - საკონტროლო ნომრის იდენტიფიკატორი
საკონტროლო ველი GE_BSU
005 - ბოლო ოპერაციის თარიღი და დრო
საკონტროლო ველი 20200515221620.0
008 - ფიქსირებული სიგრძის მონაცემთა ელემენტები - ზოგადი ინფორმაცია
ფიქსირებული სიგრძის საკონტროლო ველი 181216s1975||||ge |||||||||||||| ||geo||
040 ## - კატალოგიზაციის წყარო
Transcribing agency GE_BSU
041 ## - ენის კოდი
Language code of text/sound track or separate title geo
080 ## - უნივერსალური ათობითი კლასიფიკაციის ინდექსი
Universal Decimal Classification number 81'34 ჯ-26
100 ## - მთავარი ჩანაწერი - პიროვნების სახელი
Personal name ჯაფარიძე, ზურაბ.
9 (RLIN) 8059
245 ## - ცნობა სათაურის შესახებ
Title პერცეფციული ფონეტიკის ძირითადი საკითხები = Основные вопросы перцептивной фонетики :
Remainder of title მონოგრაფია /
Statement of responsibility, etc ზურაბ ჯაფარიძე ; რედაქტორი თ. უთურგაიძე.
264 ## - წარმოების, გამოცემის, დისტრიბუციის და სხვა ცნობები
გამოცემის, წარმოების, დისტრიბუციის... ადგილი თბილისი :
გამოცემის, წარმოების, დისტრიბუციის... სახელწოდება მეცნიერება,
გამოცემის, წარმოების, დისტრიბუციის... თარიღი 1975.
300 ## - ფიზიკური აღწერა
Extent 263 გვ. ;
Dimensions 22 სმ.
500 ## - ზოგადი შენიშვნა
General note მონოგრაფიაში განხილულია ფონეტიკის ახალი დარგის - პერცეფციული ფონეტიკის - უმთავრესი საკითხები, სპეციალურად შეისწავლება, თუ როგორ არის გაშუალებული გამონათქვამის აღქმა (გაგონება) ენის ბგერითი წყობით, მისი პერცეფციული ბაზისით
501 ## - შენიშვნა თანმხლებ მასალაზე
With note საძიებელი : გვ. 258-260
504 ## - BIBLIOGRAPHY, ETC. NOTE
Bibliography, etc ლიტერატურის სია : გვ. 251-257
653 ## - INDEX TERM--UNCONTROLLED
Uncontrolled term გრამატიკა
653 ## - INDEX TERM--UNCONTROLLED
Uncontrolled term მონოგრაფია
653 ## - INDEX TERM--UNCONTROLLED
Uncontrolled term ფონეტიკა
700 ## - ADDED ENTRY--PERSONAL NAME
Personal name უთურგაიძე, თ.
Relator term რედაქტორი
9 (RLIN) 7216
710 ## - ADDED ENTRY--CORPORATE NAME
Corporate name or jurisdiction name as entry element ენათმეცნიერების ინსტიტუტი
9 (RLIN) 8060
942 ## - ADDED ENTRY ELEMENTS (KOHA)
Koha item type წიგნი
Source of classification or shelving scheme
ეგზემპლარები
ჩამოწერის სტატუსი დაკარგული ეგზემპლარის სტატუსი კლასიფიკაციის წყარო ან თაროზე გაწყობის სქემა დაზიანების სტატუსი არ გაიცემა მუდმივი მდებარეობა (დაცვის ადგილი) ამჟამინდელი ადგილსამყოფელი თაროზე განთავსების ადგილი შეძენის თარიღი ღირებულება, შესყიდვის ნორმალური ფასი სრული შენახვის შიფრი შტრიხკოდი ბოლო ოპერაციის თარიღი ეგზემპლარის მიმდევრობითი ნომერი (კეტერი?) ფასის ძალაში შესვლის თარიღი ეგზემპლარის სახეობა საჯარო შენიშვნა
          ბათუმის შოთა რუსთაველის სახელმწიფო უნივერსიტეტის მთავარი ბიბლიოთეკა ბათუმის შოთა რუსთაველის სახელმწიფო უნივერსიტეტის მთავარი ბიბლიოთეკა წიგნსაცავი 2018-12-17 3.30 81'34 ჯ-26 52457 2018-12-17 52457 2018-12-17 წიგნი 3.30 ლ.
          ბათუმის შოთა რუსთაველის სახელმწიფო უნივერსიტეტის მთავარი ბიბლიოთეკა ბათუმის შოთა რუსთაველის სახელმწიფო უნივერსიტეტის მთავარი ბიბლიოთეკა წიგნსაცავი 2018-12-17 3.30 81'34 ჯ-26 52458 2018-12-17 52458 2018-12-17 წიგნი 3.30 ლ.